LEADER 01159nam a2200277 i 4500 001 000000176268 003 CaOOAMICUS 005 20081209000000.0 008 081209s1977 it u000 u ita u 013 $a153754 040 $aSeMil$bita 100 1 $aPalumbo, Piero.$0(OLS)http://semarc/name/65636 245 10$aPelle e ossola :$bfrugalitą, astensioni e continenze dell'Italia austera /$c; Piero Palumbo Alberto Fremura. 260 $aMilano :$bRusconi,$ccopyr. 1977. 300 $a210 p. :$bper la maggior parte ill. ;$c21 cm. 490 0 $aPlaybook 500 $aDono del card. Giovanni Colombo. 650 4$aItalia - Sec. 20.$0(OLS)http://semarc/subject/32834 700 1 $aFremura, Alberto.$0(OLS)http://semarc/name/65637 830 0$aPlaybook.$0(OLS)http://semarc/title/25077 850 $aSeMil 852 $aSeMil$W1$xVenegono$y1$m3V I 225$j127090$B127090$CSeMilBibl$Z2$F142811 $81 941 1 $a3 961 $aLascito: Colombo Card. Giovanni 996 $6245$aPelle e ossola :$bfrugalitą, astensioni e continenze dell'Italia austera$9(OLS)http://semarc/title/252942 996 $6260$aMilano :$bRusconi$9(OLS)http://semarc/publisher/30258 LEADER 00872nam a2200229 i 4500 001 000000040591 003 CaOOAMICUS 005 20121002000000.0 008 121002s1988 it u000 u ita u 013 $a11761 040 $aSeMil$bita 100 1 $aVassallo, Federico.$0(OLS)http://semarc/name/19873 245 12$aL'Arcadia di Bareggio /$cFederico Vassallo ; a cura di Carlo P. Riva. 260 $aBareggio :$b[s.n.],$c1988. 300 $a173 p. ;$c24 cm. 650 4$aBareggio.$0(OLS)http://semarc/subject/7578 700 1 $aRiva, Carlo P.$0(OLS)http://semarc/name/18069 850 $aSeMil 852 $aSeMil$W1$xVenegono$y1$m3P V 194$j6746$B6746$CSeMilBibl$Z2$F6746 $81 961 $aOmaggio: Martini Card. Carlo Maria 996 $6245$aL'Arcadia di Bareggio$9(OLS)http://semarc/title/58385 996 $6260$aBareggio :$b[s.n.]$9(OLS)http://semarc/publisher/39927 LEADER 01283nam a2200301 i 4500 001 000000052417 003 CaOOAMICUS 005 20130212000000.0 008 130212s2012 it u000 u ita u 013 $a23589 020 $a978-88-6190-309-8 040 $aSeMil$bita 100 1 $aColmegna, Virginio,$d<1945- >.$0(OLS)http://semarc/name/25889 245 10$aOra et labora /$cVirginio Colmegna ; con il testo Una "nuova" evangelizzazione di Carlo Maria Martini. 246 04$iTitolo in copertina:$aOra et Labora : la chiesa che vivo 250 $a2. ed. 260 $aMilano :$bChiarelettere,$c2012. 300 $a99 p. ;$c20 cm. 490 0 $aReverse : pamphlet, documenti, storie 700 1 $aMartini, Carlo Maria,$c.$0(OLS)http://semarc/name/89159 830 0$aReverse.$0(OLS)http://semarc/title/25066 850 $aSeMil 852 $aSeMil$W1$xVenegono$y1$m3A I 59$j18571$B18571$CSeMilBibl$Z2$F18573 $81 961 $aOmaggio: Altro 996 $6020$a978-88-6190-309-8$9(OLS)http://semarc/number/26815 996 $6245$aOra et labora$9(OLS)http://semarc/title/80419 996 $6246$aOra et Labora : la chiesa che vivo$9(OLS)http://semarc/title/80420 996 $6260$aMilano :$bChiarelettere$9(OLS)http://semarc/publisher/35000